Pays avec "Saint" ou "Nouvelle" dans leur nom - Statistiques

Statistiques générales
  • Ce quiz a été pris 82 fois
  • Le résultat moyen est 5 sur 6
Statistiques - réponses
Continent Pays % Correct
Europe 61 km² Saint-Marin
96%
Océanie 268 021 km² Nouvelle-Zélande
94%
Amérique centrale 616 km² Sainte-Lucie
91%
Amérique centrale 261 km² Saint-Christophe-et-Niévès
84%
Amérique centrale 389 km² Saint-Vincent-et-les-Grenadines
84%
Océanie 462 840 km² Papouasie-Nouvelle-Guinée
81%
Aucun quiz correspondant
Distribution des résultats
% des personnes avec chaque résultat
Percentile par nombre de réponses
Votre historique - résultats
Vous n’avez pas pris ce quiz